States of fragility 2016 understanding violence
Guardado en:
| Formato: | Libro |
|---|---|
| Lenguaje: | inglés |
| Publicado: |
Paris
OECD
2016
|
| Materias: | |
| Etiquetas: |
Sin Etiquetas, Sea el primero en etiquetar este registro!
|
MARC
| LEADER | 00000nam a2200000 4500 | ||
|---|---|---|---|
| 001 | 0233437 | ||
| 005 | 20221107101234.8 | ||
| 020 | |a 978-92-64-26720-6 | ||
| 041 | 0 | |a eng | |
| 044 | |a FR | ||
| 245 | 1 | 0 | |a States of fragility 2016 |b understanding violence |
| 264 | 1 | |a Paris |b OECD |c 2016 | |
| 300 | |a 178 s. | ||
| 610 | 2 | 0 | |a svet |
| 610 | 2 | 0 | |a problémy spoločenské |
| 610 | 2 | 0 | |a konflikty |
| 610 | 2 | 0 | |a terorizmus |
| 610 | 2 | 0 | |a extrémizmus |
| 610 | 2 | 0 | |a konflikty etnické |
| 610 | 2 | 0 | |a konflikty medzinárodné |
| 610 | 2 | 0 | |a dôsledky sociálne |
| 610 | 2 | 0 | |a chudoba |
| 610 | 2 | 0 | |a meranie |
| 610 | 2 | 0 | |a situácia hospodárska |
| 610 | 2 | 0 | |a krajiny rozvojové |
| 610 | 2 | 0 | |a opatrenia |
| 610 | 2 | 0 | |a programy rozvojové |
| 610 | 2 | 0 | |a pomoc medzinárodná |
| 610 | 2 | 0 | |a prevencia |